| 000 | 00852nam a22003130a 4500 | ||
|---|---|---|---|
| 001 | PT61533 | ||
| 003 | AR-LpoUNG | ||
| 005 | 20210131232036.0 | ||
| 008 | 191001s2007||||xxk|||||||||||||||||eng d | ||
| 020 |
_a9780462008226 _c$27.00 |
||
| 040 |
_aAR-LpoUNG _bspa _cAR-LpoUNG _eaacr |
||
| 041 | _aeng | ||
| 044 | _axxk | ||
| 082 | 0 | _a428 287jus | |
| 100 | 1 | _aHarmer, Jeremy | |
| 245 | 1 | 0 |
_aJust american edition : _blistening and speaking : upper intermediate |
| 250 | _a1ra. ed. | ||
| 260 |
_aLondon : _bMarshall Cavendish, _c2007. |
||
| 300 |
_a92 p. : _bil., tbls. + 2 Cd-Rom |
||
| 650 | 4 | _aAPRENDIZAJE | |
| 650 | 4 | _aCOMUNICACION | |
| 650 | 4 | _aENSEĆANZA DE IDIOMAS | |
| 650 | 4 | _aGRAMATICA | |
| 650 | 4 | _aLENGUA INGLESA | |
| 651 | 4 | _aDOCUMENTOS TEORICOS O METODOLOGICOS | |
| 700 | 1 | _aLethaby, Carol | |
| 905 | _a61533 | ||
| 942 | _cLIB | ||
| 999 |
_c13410 _d13410 |
||